| 000 | 00551nam a2200181Ia 4500 | ||
|---|---|---|---|
| 001 | 9054 | ||
| 005 | 20260306160655.0 | ||
| 008 | 260306t2010||||xx |||||||||||||| ||spa|| | ||
| 041 | _aESP | ||
| 082 |
_a372.427 _bV935 |
||
| 100 |
_aVelarde Consoli, Esther Mariza _eAUT |
||
| 245 | 0 |
_aElaboración y aplicación de un programa metafonológico: _ben niños(as) de 8 a 10 años de 3er y 4to grado de primaria del cercado del Callao |
|
| 260 | _c2010 | ||
| 300 |
_a350 páginas : _c24 cm. |
||
| 650 | _aGEN | ||
| 654 | _aCED | ||
| 942 |
_cLIB _dJUS _fJUS _2ddc _n |
||
| 999 |
_c9054 _d9054 |
||